000 00515nam a22001937a 4500
003 OSt
005 20140310183008.0
008 130211t xxu||||| |||| 00| 0 eng d
020 _a9712711455
050 _aTX 921
_b.Al87 2001
100 _aAlvendia, Lisa J.
245 _aCreative catering and entertaining /
_cLisa J. Alvendia.
260 _aPasig City :
_bAnvil,
_c2001.
300 _a338 p. :
_bill. ;
_c22 cm.
521 _aTOU
650 _aCaterers & Catering.
942 _2lcc
_cBK
_kLOC
999 _c18204
_d18204